000 01841cam a22004454i 4500
003 PE-LiUPU
005 20250731175640.0
008 150706s r 000 0 d
020 _a9781405869720
035 _a(Sirsi) i9781405869720
040 _aPE-LiUPU
_bspa
_cPE-LiUPU
_erda
049 _aPRUA
082 0 4 _a428.6461
_bPR2 m
_221
100 1 _aGardner, J. J.,
_eautor.
245 1 0 _aMen in black /
_cuna novela de J.J. Gardner, basada en una historia para la pantalla y el guión de Ed. Salomón, contada por John Escott.
264 1 _aHarlow :
_bPearson Education,
_c2008.
300 _a42 páginas :
_bilustraciones ;
_c20 cm.
300 _a01 CD-ROM
336 _atext
_2rdacontent
337 _aunmediated
_2rdamedia
338 _avolume
_2rdacarrier
490 0 _aPenguin Readers ;
_vLevel 2
505 0 _aA small alien -- The end of the world -- A hole in the ground -- A new job for Edwards -- The bug van -- A baby alien -- Bugs in the restaurant -- The little green man -- Conversation with a dog -- Guns and space ships -- Inside the bug -- The woman in black.
526 _aP145
526 _aP127
526 _aP97
526 _aP35
526 _aP14
526 _aP07
541 _g002-0046574;
650 0 4 _aInglés
_vLibros de lectura.
700 1 _aSalomón, Ed
700 1 _aEscott, John.
910 _agl
_cjck
_d20120514
942 _2ddc
_cBOOK
949 _a428.6461 PR2 M
_wDEWEY
_c1
_i64609
_lCCODEBUL1
_mBUL
_p5.00
_r0
_sY
_tBOOK
_u2015-7-6
_xEDUCACION
_PP20
_o.STAFF. Colección General
994 _aC0
_bPEPRU
596 _a1
999 _a428.6461 PR2 M
_wDEWEY
_c53317
_i64609
_f2021-11-8
_g5
_lCCODEBUL1
_mBUL
_p5.00
_r0
_sY
_tBOOK
_u2015-7-6
_xEDUCACION
_PP20
_o.STAFF. Colección General
_d53317
980 _81
_gALBERTO SANCHEZ Responsable de Automatización